00322cam a22001097a 4500008004000000082001700040100002200057245006800079260003000147300001000177650002500187180718b1977 xxu||||| |||| 00| 0 eng d aR112x54 P985 aPuttaswamaiah, K. aUnemployment in India: policy for manpowercby K. Puttaswamaiah aDelhibOxford & IBHc1977 a196p. aUnemployment - India